00674 2200229 4500001002100000005001700021008004100038035002500079040001200104082001600116090002200132100001700154245009000171250001100261260004800272300003200320650002600352850001200378990001800390990001800408990001800426INLIS00000000001489820151008164616.0  a0010-101500000000632 aYOPDYOG 223a959.827 bYOG 959.827 Was H aWASESOWINOTO aHadege nagari lan hagede karaton kasultanan ngayogyakarta hadiningratc/ Wasesowinoto aCet. 1 aYogyakartabNgayogyakarta Hadiningratc2003 a130 hlm.b: Ilus.c; 30 cm. aYogyakarta -- Sejarah aYOPDYOG a50886-PD/A.15 a50887-PD/A.15 a50888-PD/A.15